1410 1439 1048 1536 1574 1951 1591 1815 1079 1429 1732 1397 1583 1094 1277 1772 1645 1232 1278 1358 1688 1616 1342 1397 1954 1734 1277 1184 1276 1018 1372 1241 1001 1710 1240 1131 1378 1206 1177 1142 1429 1817 1007 1566 1279 1838 1374 1669 1552 1656 1448 1720 1534 1546 1530 1843 1564 1665 1660 1857 1814 1592 1774 1565 1641 1116 1007 1915 1762 1253 1149 1250 1755 1286 1144 1354 1838 1147 1207 1936 1932 1937 1889 1480 1312 1943 1829 1175 1107 1998 1604 1210 1298 1051 1069 1354 1039 1940 1142 BCNSPRNW ULIB Ver.6.0+V

เปลี่ยนเป็นภาษาไทย

Change to English
 แสดงรายละเอียดบรรณานุกรม
  กลับหน้าหลัก

Brief Record : Get Marc (ISO 2709) : E-mail record : QR code < ปิดหน้าต่าง
LEADER : 00000nam 2200000uu 4500
001    13399113498
003     ULIB
008    110627s2551||||th 000 0 tha d
020    9789742463199
090    นว.^bว817M 2551
100 0  วีนา อโมริ
245 00 My dear เคลียร์หัวใจให้ปิ้งรัก/^cวีนา อโมริ
250    พิมพ์ครั้งที่ 2
260    กรุงเทพฯ :^bษาริน,^c2551
300    366 หน้า
710 1  ษาริน
945    ^p240^l0^i024498
995    ทศพร
999 ^a ใช้งานได้ทุกระบบ
รายการนี้ยังไม่มีแท็ก
คุณยังไม่ได้ล็อกอิน คุณสามารถมีกิจกรรมร่วมกับเว็บไซต์ได้ แต่ต้องล็อกอินก่อน ::
  ล็อกอิน

รายการสื่อสารสนเทศ

ลำดับที่ ประเภท เลขเรียก/บาร์โค้ด สถานที่ สถานะ
1. นวนิยาย
นวนิยาย
นว. ว817M 2551 ฉ.1 
  Barcode: 024498
ห้องสมุดวิทยาเขตสวรรค์ประชารักษ์
►นวนิยาย
บนชั้น
  ขอยืม

BibComment


ยังไม่เคยถูกคอมเมนท์

คอมเมนท์ทรัพยากรรายการนี้
  คอมเมนท์: My dear เคลียร์หั..


 Copyright 2026. Bcnsprnw @Library